000 00966nam a2200265Ia 4500
003 OSt
005 20220923224226.0
006 a|||||r|||| 00| 0
007 ta
008 220922b |||||||| |||| 00| 0 hin d
024 _a229,597
037 _cTextual
040 _aARTS
_cARTS
_bhin
041 _2hin
_ahin
082 _aO152:g, P4
100 _aनवल, नंदकिशोर, संपा.
245 0 _aबीसवी शती
_b हिन्दी की कालजयी कृतियां
246 _aBīsavī shatī: hindī kī kālajayī kṛutiyāan
260 _aदिल्ली
_b रेनबो पब्लिशर्स
_c2004
300 _a399पृ.
_ccm.
650 _a हिन्दी साहित्य
_9156264
650 _aहिन्दी साहित्य
_9156264
942 _hO152:g, P4
_cTEXL
_2CC
999 _c370085
_d370085